Como escribir, prensentar y exponer el informe de investigación./ (Registro nro. 9616)
[ vista simple ]
| 000 -LEADER | |
|---|---|
| fixed length control field | 01068nam a2200205Ia 4500 |
| 005 - FECHA Y HORA DE LA ÚLTIMA TRANSACCIÓN | |
| control field | 20231004142132.0 |
| 008 - FIXED-LENGTH DATA ELEMENTS--GENERAL INFORMATION | |
| fixed length control field | 231003s9999 xx 000 0 und d |
| 020 ## - INTERNATIONAL STANDARD BOOK NUMBER | |
| International Standard Book Number | 9789996145 |
| 040 ## - CATALOGING SOURCE | |
| Original cataloging agency | UPAN |
| Transcribing agency | Biblioteca San Vicente |
| Description conventions | RCAA2 |
| 041 ## - LANGUAGE CODE | |
| Language code of text/sound track or separate title | spa |
| 082 ## - DEWEY DECIMAL CLASSIFICATION NUMBER | |
| Classification number | 001.42 |
| Item number | L864c |
| año de publicación | 2016 |
| 100 ## - MAIN ENTRY--PERSONAL NAME | |
| Personal name | Lopez Grijalva,Raul |
| Relator code | aut. |
| 245 #0 - TITLE STATEMENT | |
| Title | Como escribir, prensentar y exponer el informe de investigación./ |
| Remainder of title | Raúl López Grijalva |
| 250 ## - EDITION STATEMENT | |
| Edition statement | 1a. ed. |
| 260 ## - PUBLICATION, DISTRIBUTION, ETC. (IMPRINT) | |
| Place of publication, distribution, etc | El Salvador: |
| Name of publisher, distributor, etc | Ediciones EDIPRO, |
| Date of publication, distribution, etc | 2016 |
| 300 ## - PHYSICAL DESCRIPTION | |
| Extent | 123 p.; |
| 505 ## - FORMATTED CONTENTS NOTE | |
| Formatted contents note | El informe de investigación- Componentes estructurales del informe de investigación- Componentes estructurales del informe de investigación- Componentes gráficos del informe de investigación: tablas, gráficos y figuras en el texto- Configuraciones básicas del informe de investigación- El uso de citas, referencias y notas en el informe de investigación- El texto: exigencias básicas- Preparación y exposición del informe de investigación. |
| 650 ## - SUBJECT ADDED ENTRY--TOPICAL TERM | |
| Source of heading or term | LEMB |
| Topical term or geographic name as entry element | Procedimientos |
| General subdivision | Investigación |
| 942 ## - ADDED ENTRY ELEMENTS (KOHA) | |
| Koha item type | Libros |
| Source of classification or shelving scheme | Dewey Decimal Classification |
| Withdrawn status | Lost status | Source of classification or shelving scheme | Damaged status | Not for loan | Collection code | Home library | Current library | Date acquired | Total Checkouts | Full call number | Barcode | Date last seen | Copy number | Price effective from | Koha item type |
|---|---|---|---|---|---|---|---|---|---|---|---|---|---|---|---|
| Dewey Decimal Classification | Colección General | Biblioteca UPAN San Vicente | Biblioteca UPAN San Vicente | 03/10/2023 | 001.42 L864c | 12004239 | 03/10/2023 | 01 | 03/10/2023 | Libros | |||||
| Dewey Decimal Classification | Colección General | Biblioteca UPAN San Vicente | Biblioteca UPAN San Vicente | 03/10/2023 | 001.42 L864c | 12004236 | 04/10/2023 | 02 | 03/10/2023 | Libros | |||||
| Dewey Decimal Classification | Colección General | Biblioteca UPAN San Vicente | Biblioteca UPAN San Vicente | 03/10/2023 | 001.42 L864c | 12004238 | 04/10/2023 | 03 | 03/10/2023 | Libros | |||||
| Dewey Decimal Classification | Colección General | Biblioteca UPAN San Vicente | Biblioteca UPAN San Vicente | 03/10/2023 | 001.42 L864c | 12004237 | 04/10/2023 | 04 | 03/10/2023 | Libros |